000 00401nam a2200145Ia 4500
008 231129s2011||||xx |||||||||||||| ||spa||
020 _a978-958-8306-69-8
040 _bspa
082 _a745.59412 V732u
100 _aVillegas Marí­a
245 0 _aUna navidad en familia
260 _c2011
264 _aBogotá Colombia : Villegas Editores
942 _2ddc
_cBKS
999 _c25989
_d25989